Cerdik Si Keldai

Bibliographic Details
Format: Book
Published: Selangor : Penerbitan Pelangi Sdn Bhd , 2004
Series:Siri cerita teladan
Subjects:

MARC

LEADER 00000cam a2200000 7i4500
001 0000033202
005 20220105104102.0
008 120914
020 |a 9830009440 
090 0 0 |a JP   |b MOR MAL 
245 1 0 |a Cerdik Si Keldai 
260 |a Selangor :   |b Penerbitan Pelangi Sdn Bhd ,   |c 2004 
440 |a Siri cerita teladan 
500 |a Children age 4-6 years old (yellow) 
650 0 |a Moral stories, Malay 
999 |a 0001156795   |b Book   |c Children Collection   |e Perbadanan Perpustakaan Awam Johor 
999 |a 0001156796   |b Book   |c Children Collection   |e Perbadanan Perpustakaan Awam Johor